Statistics for Cities Of The Black Sea Region

Click here to take the quiz!

General Stats

  • This quiz has been taken 7 times
  • The average score is 12 of 18

Answer Stats

HintAnswer% Correct
AnchovyTrabzon
100%
BandumaKastamonu
83%
May 19thSamsun
83%
MamakikaSinop
83%
City Of ŞehzadeAmasya
67%
Black DateArtvin
67%
Pumpum SoupBartın
67%
KokoçBayburt
67%
Leblebi / Roasted ChickpeaÇorum
67%
HazelnutGiresun
67%
RosehipGümüşhane
67%
Iron and StealKarabük
67%
Çay / TeaRize
67%
Cuisine / KebabTokat
67%
CoalZonguldak
67%
Abant KebabBolu
50%
KonsapaDüzce
50%
FilbertOrdu
50%

Score Distribution

Percentile by Number Answered

Percent of People with Each Score

Your Score History

You have not taken this quiz